| 000 | 00524nam a2200181 4500 | ||
|---|---|---|---|
| 001 | 123534 | ||
| 003 | ES-MaACL | ||
| 005 | 20230906192206.0 | ||
| 007 | t| | ||
| 008 | 070214s1959 sp r ||||1| spa d | ||
| 245 | 0 | 0 | _aFormación profesional general y aplicada a la industria. |
| 260 |
_aVitoria : _b[s.n.], _c1959 ( _fTip. de Jesús Obrero) |
||
| 300 |
_a112 p. : _bil. ; _c21 cm. |
||
| 490 | 1 | _a"Jesús Obrero` | |
| 830 | 0 |
_a"Jesús Obrero` _9183662 |
|
| 852 |
_aES-MaACL _jC-19074 _bR.44733 |
||
| 999 |
_c123534 _d123534 |
||